[Event "SVG Plettenberg 1 - Südlohner SV 1"]
[Site "NRW-Klasse. Gruppe 2 2017/201"]
[Date "2018.01.28"]
[Round "5.4"]
[White "Schulze, Marc"]
[Black "Funke, Reinhard"]
[Result "0-1"]
[WhiteElo "2154"]
[BlackElo "2027"]
[PlyCount "52"]
[EventDate "2018.??.??"]
[WhiteTeam "SVG Plettenberg 1"]
[BlackTeam "Südlohner SV 1"]

1. d4 Nf6 2. Bf4 d5 3. e3 Bf5 4. Nf3 e6 5. Be2 h6 6. O-O Bd6 7. Ne5 Nbd7 8. c4
O-O 9. Nc3 Ne4 10. cxd5 Nxc3 11. bxc3 exd5 12. c4 dxc4 13. Bxc4 Qe7 14. Qf3
Bxe5 15. Bxe5 Nxe5 16. dxe5 Qxe5 17. Qxb7 Be4 18. Qb5 c5 19. Rfd1 Rab8 20. Qd7
Bxg2 21. Kxg2 Qe4+ 22. Kg1 Qxc4 23. Qxa7 Qg4+ 24. Kh1 Qf3+ 25. Kg1 Rb2 26. Rf1
Re8 0-1

[Event "SVG Plettenberg 1 - Südlohner SV 1"]
[Site "NRW-Klasse. Gruppe 2 2017/201"]
[Date "2018.01.28"]
[Round "5.5"]
[White "Teloeken, Daniel"]
[Black "Pieper, Dawid"]
[Result "1/2-1/2"]
[WhiteElo "1960"]
[BlackElo "2147"]
[Annotator "Daniel"]
[PlyCount "130"]
[EventDate "2018.??.??"]
[WhiteTeam "Südlohner SV 1"]
[BlackTeam "SVG Plettenberg 1"]

1. c4 e5 2. g3 h5 3. h4 Bc5 4. Nc3 Nc6 5. Bg2 d6 6. Nf3 Nge7 7. O-O Bg4 8. Na4
Qd7 9. Nxc5 dxc5 10. d3 f6 11. a3 a5 12. Be3 b6 13. Rb1 Bh3 14. Bd2 a4 15. b4
axb3 16. Rxb3 Bxg2 17. Kxg2 Nf5 18. Bc3 Kf7 19. e4 Nfd4 20. Nxd4 Nxd4 21. Bxd4
Qxd4 22. Qe2 g6 23. f4 exf4 24. gxf4 Rae8 25. Qf3 Kg7 26. Kh1 Kh6 $11 27. Rbb1
Rhg8 28. Rg1 Ra8 29. f5 Rxa3 30. Qf4+ g5 31. hxg5+ Rxg5 32. Rxg5 fxg5 33. Qxc7
Ra1 34. Qxb6+ Kg7 35. Qg6+ Kf8 36. Qh6+ Ke7 37. f6+ Ke6 38. f7+ Kxf7 39. Qxh5+
Ke6 40. Qg6+ Kd7 41. Qf5+ Ke8 42. Rxa1 Qxa1+ 43. Kg2 Qc1 44. e5 Qd2+ 45. Kg3
Qe1+ 46. Kg4 Qh4+ 47. Kf3 Qh1+ 48. Ke2 Qg2+ 49. Ke1 Qg1+ 50. Kd2 Qh2+ 51. Kd1
Qg1+ 52. Kc2 Qg2+ 53. Kc3 Qg1 54. Qe6+ Kf8 55. Qd6+ Ke8 56. Kc2 Qg2+ 57. Kb3
Qb7+ 58. Kc3 Qb4+ 59. Kc2 Qa4+ 60. Kd2 Qb4+ 61. Ke2 Qb2+ 62. Kf3 g4+ 63. Kg3
Qe2 64. e6 Qe3+ 65. Kxg4 Qh3+ 1/2-1/2

[Event "SVG Plettenberg 1 - Südlohner SV 1"]
[Site "NRW-Klasse. Gruppe 2 2017/201"]
[Date "2018.01.28"]
[Round "5.6"]
[White "Bouaraba, Max"]
[Black "Teloeken, Andreas"]
[Result "1-0"]
[WhiteElo "2126"]
[BlackElo "2004"]
[PlyCount "35"]
[EventDate "2018.??.??"]
[WhiteTeam "SVG Plettenberg 1"]
[BlackTeam "Südlohner SV 1"]

1. d4 d5 2. Bf4 Nf6 3. e3 e6 4. Nf3 Be7 5. Bd3 b6 6. c3 O-O 7. Ne5 Bb7 8. Nd2
Nbd7 9. Qf3 c5 10. h4 Ne8 11. g4 Nd6 12. g5 Nxe5 13. Bxe5 Qd7 14. Bxh7+ Kxh7
15. Qh5+ Kg8 16. Bxg7 Kxg7 17. Qh6+ Kg8 18. g6 1-0

[Event "SVG Plettenberg 1 - Südlohner SV 1"]
[Site "NRW-Klasse. Gruppe 2 2017/201"]
[Date "2018.01.28"]
[Round "5.7"]
[White "Hater, Wolfgang"]
[Black "Winterkamp, Sascha"]
[Result "1-0"]
[WhiteElo "1993"]
[BlackElo "1950"]
[PlyCount "69"]
[EventDate "2018.??.??"]
[WhiteTeam "Südlohner SV 1"]
[BlackTeam "SVG Plettenberg 1"]

1. e4 c5 2. Nf3 d6 3. Be2 Nf6 4. d3 g6 5. Nbd2 Bg7 6. c3 O-O 7. a3 a6 8. b4 b5
9. O-O Bb7 10. Re1 Nbd7 11. Bb2 Nb6 12. Rc1 Nh5 13. Bf1 Qc7 14. d4 Na4 15. Ba1
c4 16. Nxc4 Bxe4 17. Nfd2 Bb7 18. Na5 Nb6 19. c4 Nxc4 20. Ndxc4 bxc4 21. Rxc4
Qd7 22. Qc2 Rac8 23. Nxb7 Qxb7 24. Rxc8 Rxc8 25. Qe2 Qd5 26. Qxa6 Ra8 27. Qc4
Qg5 28. Bb2 Nf4 29. g3 h5 30. Bc1 e5 31. dxe5 dxe5 32. Bg2 Qg4 33. gxf4 Rc8 34.
Qe4 h4 35. h3 1-0

[Event "SVG Plettenberg 1 - Südlohner SV 1"]
[Site "NRW-Klasse. Gruppe 2 2017/201"]
[Date "2018.01.28"]
[Round "5.8"]
[White "Kuhnen, Thomas"]
[Black "Schmeing, Walter"]
[Result "1/2-1/2"]
[WhiteElo "2012"]
[BlackElo "1991"]
[PlyCount "62"]
[EventDate "2018.??.??"]
[WhiteTeam "SVG Plettenberg 1"]
[BlackTeam "Südlohner SV 1"]

1. e4 e5 2. Nf3 Nc6 3. Bb5 a6 4. Bxc6 dxc6 5. O-O Bg4 6. h3 h5 7. d3 Qf6 8.
Nbd2 Ne7 9. Re1 Bxf3 10. Qxf3 Qe6 11. Nb3 b6 12. d4 O-O-O 13. dxe5 Ng6 14. Qe2
Qxe5 15. Qxa6+ Kb8 16. Be3 c5 17. Nd2 Bd6 18. g3 Qe6 19. Qf1 f6 20. f4 Qc8 21.
a4 Ne7 22. b4 Nc6 23. bxc5 Bxc5 24. Nb3 Bb4 25. Red1 Na5 26. Nd4 Bc5 27. Bf2
Bxd4 28. Rxd4 Rxd4 29. Bxd4 Qe6 30. Re1 Rd8 31. Bc3 Nb7 1/2-1/2

[Event "SG Ennepe-Ruhr-Süd 1 - SC Siegburg 1"]
[Site "NRW-Klasse. Gruppe 2 2017/201"]
[Date "2018.01.28"]
[Round "5.1"]
[White "Andreev, Eduard"]
[Black "Lupor, Stefan"]
[Result "1-0"]
[WhiteElo "2383"]
[BlackElo "2256"]
[Annotator "Daniel"]
[PlyCount "60"]
[EventDate "2018.??.??"]
[WhiteTeam "SC Siegburg 1"]
[BlackTeam "SG Ennepe-Ruhr-Süd 1"]

1. e4 e6 2. d4 d5 3. e5 c5 4. c3 Nc6 5. Nf3 Qb6 6. a3 Nh6 7. b4 cxd4 8. Bxh6
gxh6 9. cxd4 Bg7 10. Nc3 O-O 11. Na4 Qd8 12. Rc1 f6 13. Bb5 fxe5 14. Bxc6 e4
15. Ne5 bxc6 16. O-O Bd7 17. Nc5 Bxe5 18. dxe5 Qe7 19. f3 exf3 20. Rxf3 Rxf3
21. Qxf3 Rf8 22. Qe3 Be8 23. Qxh6 Bg6 24. Qe3 Kh8 25. Rf1 Rxf1+ 26. Kxf1 Bf5
27. h3 Kg8 28. Nb3 Be4 29. Qf4 Bg6 30. Kf2 Qd7 {ZÜ} 1-0

[Event "SG Ennepe-Ruhr-Süd 1 - SC Siegburg 1"]
[Site "NRW-Klasse. Gruppe 2 2017/201"]
[Date "2018.01.28"]
[Round "5.2"]
[White "Tripolsky, Eugen"]
[Black "Schmidt, Bodo"]
[Result "1/2-1/2"]
[WhiteElo "2214"]
[BlackElo "2285"]
[PlyCount "40"]
[EventDate "2018.??.??"]
[WhiteTeam "SG Ennepe-Ruhr-Süd 1"]
[BlackTeam "SC Siegburg 1"]

1. e4 e6 2. d4 d5 3. Nc3 Bb4 4. Nge2 dxe4 5. a3 Bxc3+ 6. Nxc3 Nc6 7. d5 exd5 8.
Qxd5 Be6 9. Qxd8+ Rxd8 10. Bf4 Nf6 11. Bxc7 Rd7 12. Bf4 Nd5 13. Nxd5 Rxd5 14.
Bc4 Rf5 15. Bxe6 Rxf4 16. g3 Rf6 17. Bd5 Rf5 18. O-O-O Rxf2 19. Bxe4 O-O 20.
Rd2 Rxd2 1/2-1/2

[Event "SG Ennepe-Ruhr-Süd 1 - SC Siegburg 1"]
[Site "NRW-Klasse. Gruppe 2 2017/201"]
[Date "2018.01.28"]
[Round "5.3"]
[White "Kolkin, Michail"]
[Black "Osswald, Luis Monty"]
[Result "1/2-1/2"]
[WhiteElo "2311"]
[BlackElo "2094"]
[Annotator "Daniel"]
[PlyCount "84"]
[EventDate "2018.??.??"]
[WhiteTeam "SC Siegburg 1"]
[BlackTeam "SG Ennepe-Ruhr-Süd 1"]

1. Nf3 Nf6 2. g3 b6 3. Bg2 Bb7 4. O-O c5 5. c4 e6 6. Nc3 a6 7. d4 cxd4 8. Qxd4
d6 9. Rd1 Nbd7 10. Ng5 Bxg2 11. Kxg2 Rc8 12. Nge4 Nxe4 13. Nxe4 Rc6 14. b3 Nc5
15. Bb2 Qc8 16. Rd2 f6 17. Rad1 Be7 18. Qe3 Nxe4 19. Qxe4 O-O 20. f4 f5 21. Qf3
b5 22. cxb5 axb5 23. e4 fxe4 $11 24. Qxe4 d5 25. Qe2 b4 26. Re1 Rf7 27. Qd3 Bf8
28. Rde2 Rf5 29. Bd4 Rf7 30. h4 Rf5 31. Kh2 h5 32. Kh1 Be7 33. Kh2 Bf6 34. Bxf6
Rxf6 35. Re5 g6 36. Qd4 Qf8 37. R1e2 Kf7 38. Qa7+ Kg8 39. R5e3 Qc8 40. Qe7 Qf8
41. Qa7 Qc8 42. Qd4 Qf8 1/2-1/2

[Event "SG Ennepe-Ruhr-Süd 1 - SC Siegburg 1"]
[Site "NRW-Klasse. Gruppe 2 2017/201"]
[Date "2018.01.28"]
[Round "5.4"]
[White "Heller, Achim"]
[Black "Varitski, Igor"]
[Result "0-1"]
[WhiteElo "2055"]
[BlackElo "2220"]
[Annotator "Daniel"]
[PlyCount "108"]
[EventDate "2018.??.??"]
[WhiteTeam "SG Ennepe-Ruhr-Süd 1"]
[BlackTeam "SC Siegburg 1"]

1. d4 e6 2. c4 f5 3. g3 Nf6 4. Bg2 c6 5. Nf3 d5 6. O-O Bd6 7. b3 Qe7 8. a4 a5
9. Ba3 Bxa3 10. Nxa3 b6 11. Nc2 Na6 12. Nce1 Bb7 13. Nd3 O-O 14. Rc1 c5 15.
cxd5 exd5 16. e3 Rac8 17. Nfe5 Rfd8 18. Re1 Ne4 19. h4 Nb4 20. Nf4 Ba6 21. Qh5
$11 Qf6 22. Bh3 g6 23. Qd1 Na2 24. Rc2 Nb4 25. Rc1 cxd4 26. Rxc8 Bxc8 27. exd4
Ba6 28. Bf1 Bxf1 29. Rxf1 Rc8 30. Qe2 g5 31. hxg5 Qxg5 32. Qb5 Qd8 33. Qe2 Qe8
34. Nh5 Kh8 35. Qf3 Qe6 36. Nf4 Qe8 37. Re1 Nc2 38. Qh1 Nxe1 39. Qh6 Rc7 40.
Nxd5 Rg7 41. Qc1 Qg8 42. Kf1 Qxd5 43. Qc8+ Qg8 44. Qxf5 Nd6 45. Qf6 Nf7 46.
Kxe1 Nxe5 47. dxe5 Qf7 48. Qd8+ Rg8 49. Qxb6 Qf3 50. Qd4 Rc8 51. e6+ Kg8 52.
Kd2 Re8 53. Qb6 Qd5+ 54. Kc2 Rc8+ 0-1

[Event "SG Ennepe-Ruhr-Süd 1 - SC Siegburg 1"]
[Site "NRW-Klasse. Gruppe 2 2017/201"]
[Date "2018.01.28"]
[Round "5.5"]
[White "Okrajek, Alexander"]
[Black "Bruchmann, Norbert"]
[Result "0-1"]
[WhiteElo "2078"]
[BlackElo "2003"]
[PlyCount "66"]
[EventDate "2018.??.??"]
[WhiteTeam "SC Siegburg 1"]
[BlackTeam "SG Ennepe-Ruhr-Süd 1"]

1. Nf3 b6 2. g3 Bb7 3. Bg2 e6 4. O-O Nf6 5. c4 c5 6. Nc3 Be7 7. Re1 d5 8. cxd5
exd5 9. d4 O-O 10. Bg5 Nbd7 11. e3 h6 12. Bxf6 Nxf6 13. Qb3 c4 14. Qc2 Bb4 15.
Ne5 Rc8 16. a3 Ba5 17. Rec1 a6 18. Na4 Ne4 19. Rd1 Qe8 20. Nc3 f6 21. Nf3 b5
22. Nxe4 dxe4 23. Nd2 f5 24. Nb1 Bb6 25. Nc3 Qe6 26. Ne2 Rfd8 27. Qc3 Qd6 28.
h4 g5 29. hxg5 hxg5 30. Bh3 Rf8 31. d5 Rc5 32. Rd2 Rxd5 33. Rxd5 Qxd5 0-1

[Event "SG Ennepe-Ruhr-Süd 1 - SC Siegburg 1"]
[Site "NRW-Klasse. Gruppe 2 2017/201"]
[Date "2018.01.28"]
[Round "5.6"]
[White "Schaefer, Martin"]
[Black "Breest, Axel"]
[Result "0-1"]
[WhiteElo "1929"]
[BlackElo "1872"]
[PlyCount "60"]
[EventDate "2018.??.??"]
[WhiteTeam "SG Ennepe-Ruhr-Süd 1"]
[BlackTeam "SC Siegburg 1"]

1. d4 Nf6 2. c4 c5 3. d5 b5 4. cxb5 e6 5. dxe6 fxe6 6. Nc3 d5 7. e3 Bd6 8. Nf3
O-O 9. a4 Nbd7 10. a5 Ne5 11. Be2 Nxf3+ 12. Bxf3 Bd7 13. Nxd5 exd5 14. Bxd5+
Nxd5 15. Qxd5+ Rf7 16. Qxd6 Qh4 17. g3 Qe4 18. Rg1 Qf3 19. Qd2 Bxb5 20. Ra3 Rd7
21. e4 Qh5 22. Qc2 Qxh2 23. Rf1 Bxf1 24. Kxf1 Rad8 25. Ke2 Qh5+ 26. Rf3 Qh1 27.
Bg5 Rd1 28. Qb3+ Kh8 29. Rf8+ Rxf8 30. Qxd1 Rxf2+ 0-1

[Event "SG Ennepe-Ruhr-Süd 1 - SC Siegburg 1"]
[Site "NRW-Klasse. Gruppe 2 2017/201"]
[Date "2018.01.28"]
[Round "5.7"]
[White "Steffens, Klaus"]
[Black "Arakelian, Aik"]
[Result "0-1"]
[WhiteElo "1864"]
[BlackElo "1970"]
[PlyCount "82"]
[EventDate "2018.??.??"]
[WhiteTeam "SC Siegburg 1"]
[BlackTeam "SG Ennepe-Ruhr-Süd 1"]

1. Nf3 c5 2. g3 Nf6 3. Bg2 g6 4. O-O Bg7 5. d3 d5 6. c4 O-O 7. cxd5 Nxd5 8. Qb3
Nc6 9. Bd2 Nb6 10. Bc3 Be6 11. Qc2 Nd4 12. Qd1 Nd5 13. e3 Nxc3 14. Nxc3 Nxf3+
15. Bxf3 Rb8 16. a4 b6 17. Qe2 a6 18. h4 b5 19. axb5 axb5 20. Ra7 c4 21. d4 Qd6
22. Ne4 Qb6 23. Rfa1 b4 24. R1a6 Qd8 25. Nc5 Bc8 26. Ra1 c3 27. Ra8 Rxa8 28.
Rxa8 e5 29. bxc3 bxc3 30. d5 Qb6 31. Qc4 Qb1+ 32. Kh2 c2 33. Nd3 Bb7 34. Rxf8+
Bxf8 35. Qc7 f6 36. Bg4 Bxd5 37. e4 Bxe4 38. Qc4+ Kh8 39. f3 Bxd3 40. Qf7 Qb4
41. Be6 Qd2+ 0-1

[Event "SG Ennepe-Ruhr-Süd 1 - SC Siegburg 1"]
[Site "NRW-Klasse. Gruppe 2 2017/201"]
[Date "2018.01.28"]
[Round "5.8"]
[White "Diegel, Jonas"]
[Black "Brenner, Ulrich"]
[Result "1/2-1/2"]
[WhiteElo "1804"]
[BlackElo "1784"]
[Annotator "Daniel"]
[PlyCount "95"]
[EventDate "2018.??.??"]
[WhiteTeam "SG Ennepe-Ruhr-Süd 1"]
[BlackTeam "SC Siegburg 1"]

1. d4 Nf6 2. Nf3 e6 3. c4 Bb4+ 4. Bd2 Bxd2+ 5. Qxd2 b6 6. Nc3 Bb7 7. e3 O-O 8.
Be2 Qe7 9. O-O d6 10. Rfd1 Nbd7 11. Rac1 Rac8 12. b3 Ne4 13. Nxe4 Bxe4 14. Qb2
Qf6 15. Nd2 Bb7 16. Qa3 a5 17. Bf3 Bxf3 18. Nxf3 Rfd8 19. Rd2 e5 20. h3 Qf5 $11
21. dxe5 Nxe5 22. Nd4 Qg6 23. Kf1 Qe4 24. Rcd1 Ng6 25. Nf3 Re8 26. Qb2 Ne5 27.
Rd4 Qg6 28. Nh4 Qf6 29. Qc2 Ng6 30. Nf3 h6 31. Kg1 Re6 32. Rd5 Rce8 33. Rf5 Qe7
34. Nd4 Re4 35. Qd3 Qd7 36. Rf3 Nh4 37. Rg3 Nf5 38. Nxf5 Qxf5 39. Qc3 Qe5 40.
Qxe5 R4xe5 41. Kf1 f5 42. Rd4 Kf7 43. Rf3 g5 44. g4 Kg6 45. Kg2 Kf6 46. Kg3 Kg6
47. a3 R8e7 48. Kg2 1/2-1/2

[Event "SV Letmathe 1 - SF Essen-Katernberg  2"]
[Site "NRW-Klasse. Gruppe 2 2017/201"]
[Date "2018.01.28"]
[Round "5.1"]
[White "Bee, Marcus"]
[Black "Podzielny, Karl-Heinz"]
[Result "0-1"]
[WhiteElo "2110"]
[BlackElo "2358"]
[PlyCount "76"]
[EventDate "2018.??.??"]
[WhiteTeam "SF Essen-Katernberg  2"]
[BlackTeam "SV Letmathe 1"]

1. Nf3 Nf6 2. c4 g6 3. g3 Bg7 4. Bg2 O-O 5. O-O c6 6. d4 d6 7. b3 a5 8. Nc3 Bf5
9. Bb2 Ne4 10. Nh4 Nxc3 11. Bxc3 Be6 12. Qd2 d5 13. c5 Nd7 14. e3 Nf6 15. a3
Ne4 16. Qb2 b6 17. b4 Rb8 18. Bxe4 dxe4 19. cxb6 g5 20. Ng2 a4 21. d5 Bxc3 22.
Qxc3 Bxd5 23. Rfd1 Rxb6 24. h4 h6 25. Rac1 f6 26. Qc5 Rb7 27. Qd4 Rd7 28. Qc5
Qb8 29. Rd2 Rfd8 30. Rcd1 Kf7 31. Qa5 Qb5 32. Qxb5 cxb5 33. hxg5 hxg5 34. Kf1
Bc4+ 35. Ke1 Rxd2 36. Rxd2 Rh8 37. Kd1 Rh1+ 38. Ne1 Rf1 0-1

[Event "SV Letmathe 1 - SF Essen-Katernberg  2"]
[Site "NRW-Klasse. Gruppe 2 2017/201"]
[Date "2018.01.28"]
[Round "5.2"]
[White "Adamski, Jan"]
[Black "Gassmann, Volker"]
[Result "1/2-1/2"]
[WhiteElo "2229"]
[BlackElo "2111"]
[PlyCount "39"]
[EventDate "2018.??.??"]
[WhiteTeam "SV Letmathe 1"]
[BlackTeam "SF Essen-Katernberg  2"]

1. Nf3 d5 2. c4 c6 3. e3 Nf6 4. Nc3 a6 5. d4 b5 6. b3 Bg4 7. Be2 e6 8. O-O Bd6
9. Bb2 O-O 10. Ne5 Bxe2 11. Nxe2 Ra7 12. Rc1 bxc4 13. bxc4 Rb7 14. Qc2 g6 15.
Nf4 Nfd7 16. Nfd3 Nxe5 17. dxe5 Be7 18. Bd4 dxc4 19. Qxc4 Qd5 20. Qxd5 1/2-1/2

[Event "SV Letmathe 1 - SF Essen-Katernberg  2"]
[Site "NRW-Klasse. Gruppe 2 2017/201"]
[Date "2018.01.28"]
[Round "5.3"]
[White "Dette, Jan"]
[Black "Soukup, Jiri"]
[Result "1-0"]
[WhiteElo "2081"]
[BlackElo "2355"]
[PlyCount "89"]
[EventDate "2018.??.??"]
[WhiteTeam "SF Essen-Katernberg  2"]
[BlackTeam "SV Letmathe 1"]

1. e4 c5 2. Nf3 a6 3. c3 b5 4. d4 Bb7 5. Bd3 e6 6. O-O Be7 7. Re1 d6 8. Nbd2
Nd7 9. Nf1 Ngf6 10. Ng3 h5 11. Bg5 e5 12. Nf5 Bf8 13. Bc2 Qc7 14. b4 cxb4 15.
cxb4 g6 16. Ng3 Bg7 17. Bb3 O-O 18. Rc1 Qb8 19. dxe5 Nxe5 20. Nxe5 dxe5 21. Qf3
Qd6 22. Red1 Qe7 23. Rc5 Rac8 24. Rdc1 Rxc5 25. Rxc5 Rc8 26. Bd5 Rxc5 27. bxc5
Bc8 28. h3 a5 29. Nf1 b4 30. Ne3 Be6 31. c6 Bc8 32. Nc4 a4 33. Nb6 Ba6 34. Nd7
Nxd5 35. Bxe7 Nxe7 36. c7 Bc8 37. Nb6 Be6 38. Nxa4 Bxa2 39. Nb6 Be6 40. Qd3 Bf8
41. Qb5 b3 42. Nd5 Nc8 43. Qxb3 Bc5 44. Qb5 Bf8 45. Nb6 1-0

[Event "SV Letmathe 1 - SF Essen-Katernberg  2"]
[Site "NRW-Klasse. Gruppe 2 2017/201"]
[Date "2018.01.28"]
[Round "5.4"]
[White "Gruermann, Martin"]
[Black "Schimnatkowski, Lukas"]
[Result "1-0"]
[WhiteElo "2201"]
[BlackElo "2062"]
[PlyCount "65"]
[EventDate "2018.??.??"]
[WhiteTeam "SV Letmathe 1"]
[BlackTeam "SF Essen-Katernberg  2"]

1. e4 c5 2. Nf3 d6 3. d4 cxd4 4. Qxd4 a6 5. Be2 Nc6 6. Qe3 Nf6 7. h3 g6 8. O-O
Qc7 9. Bd2 Bg7 10. c4 O-O 11. Nc3 e6 12. Rac1 Rd8 13. Rfd1 Bd7 14. Qf4 Ne5 15.
Qh4 Nxf3+ 16. Bxf3 Ne8 17. b3 Qc5 18. e5 Bc6 19. Nd5 exd5 20. cxd5 Bxd5 21.
Rxc5 Bxf3 22. Bg5 Bxd1 23. Bxd8 dxc5 24. Qe7 h6 25. Qxe8+ Kh7 26. Qd7 Bc2 27.
Bf6 Rf8 28. Qxb7 Bd3 29. Bxg7 Kxg7 30. e6 Kg8 31. e7 Re8 32. a4 Bf5 33. Qd5 1-0

[Event "SV Letmathe 1 - SF Essen-Katernberg  2"]
[Site "NRW-Klasse. Gruppe 2 2017/201"]
[Date "2018.01.28"]
[Round "5.5"]
[White "Krueger, Erich"]
[Black "Haude, Ruediger"]
[Result "0-1"]
[WhiteElo "2071"]
[BlackElo "2043"]
[PlyCount "120"]
[EventDate "2018.??.??"]
[WhiteTeam "SF Essen-Katernberg  2"]
[BlackTeam "SV Letmathe 1"]

1. d4 Nf6 2. c4 e6 3. Nc3 d5 4. cxd5 exd5 5. Bg5 Be7 6. e3 O-O 7. Bd3 Re8 8.
Qc2 h6 9. Bf4 a6 10. Nf3 Nc6 11. a3 Bd6 12. Bxd6 Qxd6 13. O-O Bg4 14. b4 Bxf3
15. gxf3 Ne7 16. b5 c5 17. dxc5 Qxc5 18. bxa6 bxa6 19. Ne4 Nxe4 20. Bxe4 Qa5
21. Bh7+ Kh8 22. Bd3 Rec8 23. Qb2 Qc3 24. Qxc3 Rxc3 25. Rfd1 a5 26. a4 Kg8 27.
Rab1 Nc6 28. Rbc1 Rxc1 29. Rxc1 Nb4 30. Bb1 Kf8 31. Rc5 Ke7 32. Rc7+ Ke6 33. f4
Ra6 34. Kg2 g6 35. Kf3 Rc6 36. Rxc6+ Nxc6 37. Bd3 Nb4 38. Bb5 Na2 39. Bd3 Nc3
40. Bc2 f5 41. h4 h5 42. Kg2 Kd6 43. Kf1 Kc5 44. Ke1 Kb4 45. f3 Nxa4 46. e4 Nc3
47. exf5 gxf5 48. Kd2 a4 49. Bxf5 a3 50. Kc2 Ne2 51. Kb1 Kc3 52. Ka2 d4 53.
Kxa3 Nxf4 54. Bd7 d3 55. Ba4 Ng2 56. Bd1 Ne3 57. f4 Nxd1 58. f5 Ne3 59. f6 d2
60. f7 d1=Q 0-1

[Event "SV Letmathe 1 - SF Essen-Katernberg  2"]
[Site "NRW-Klasse. Gruppe 2 2017/201"]
[Date "2018.01.28"]
[Round "5.7"]
[White "Nautsch, Werner"]
[Black "Hunold, Rolf"]
[Result "0-1"]
[WhiteElo "2065"]
[BlackElo "1943"]
[PlyCount "86"]
[EventDate "2018.??.??"]
[WhiteTeam "SF Essen-Katernberg  2"]
[BlackTeam "SV Letmathe 1"]

1. d4 Nf6 2. c4 e6 3. Nf3 b6 4. Nc3 Bb4 5. Bg5 h6 6. Bh4 Bb7 7. e3 Bxc3+ 8.
bxc3 d6 9. Be2 Nbd7 10. O-O O-O 11. Nd2 Qc8 12. f4 Ne4 13. Nxe4 Bxe4 14. Qa4 f5
15. Bf3 Bxf3 16. Rxf3 Qe8 17. Qc2 Qh5 18. Rh3 Qf7 19. Qe2 Rae8 20. Qf3 e5 21.
Qd5 Qxd5 22. cxd5 exf4 23. exf4 Re4 24. Rf3 g5 25. Bg3 g4 26. Rd3 Rfe8 27. c4
Kf7 28. Kf1 Nf6 29. Bf2 Rxf4 30. a4 Ne4 31. Ra2 Kf6 32. g3 Rxf2+ 33. Rxf2 Nxf2
34. Kxf2 Re4 35. Rd1 Kg5 36. Rd3 h5 37. Rd1 h4 38. Rd3 f4 39. gxf4+ Kxf4 40.
Rd1 g3+ 41. hxg3+ hxg3+ 42. Kf1 Kf3 43. Kg1 Ke2 0-1

[Event "SV Letmathe 1 - SF Essen-Katernberg  2"]
[Site "NRW-Klasse. Gruppe 2 2017/201"]
[Date "2018.01.28"]
[Round "5.8"]
[White "Tomiczny, Darius"]
[Black "Rosen, Willy"]
[Result "1/2-1/2"]
[WhiteElo "1940"]
[BlackElo "2084"]
[Annotator "Daniel"]
[PlyCount "52"]
[EventDate "2018.??.??"]
[WhiteTeam "SV Letmathe 1"]
[BlackTeam "SF Essen-Katernberg  2"]

1. c4 c5 2. Nc3 Nc6 3. g3 g6 4. Bg2 Bg7 5. e4 d6 6. Nge2 Nf6 7. O-O O-O 8. d4
cxd4 9. Nxd4 Nxd4 10. Qxd4 Qa5 11. Qd3 Be6 12. Bd2 Qh5 13. h4 Nd7 14. Nd5 Ne5
15. Qb3 Bxd5 16. cxd5 b6 17. Rac1 Qe2 18. Bg5 $11 f6 19. Rc2 Qa6 20. Be3 Rac8
21. Rfc1 Rxc2 22. Rxc2 Rc8 23. Bd4 Rxc2 24. Qxc2 Qc4 25. Qxc4 Nxc4 26. b3 Ne5
1/2-1/2

[Event "SV Kamen 1 - Godesberger SK 1"]
[Site "NRW-Klasse. Gruppe 2 2017/201"]
[Date "2018.01.28"]
[Round "5.1"]
[White "Seger, Ruediger"]
[Black "Weidemann, Christian"]
[Result "0-1"]
[WhiteElo "2300"]
[BlackElo "2278"]
[PlyCount "88"]
[EventDate "2018.??.??"]
[WhiteTeam "Godesberger SK 1"]
[BlackTeam "SV Kamen 1"]

1. e4 c5 2. c3 Nf6 3. e5 Nd5 4. Bc4 Nb6 5. Bb3 c4 6. Bc2 d6 7. exd6 Qxd6 8. d4
cxd3 9. Qxd3 Qxd3 10. Bxd3 Nc6 11. Nf3 Bg4 12. Nbd2 O-O-O 13. Be4 e5 14. h3 Bh5
15. O-O f6 16. Re1 Bf7 17. Nf1 g6 18. Ne3 Bg7 19. g4 Nd5 20. Nxd5 Bxd5 21. Bxd5
Rxd5 22. Be3 Rhd8 23. Nh4 f5 24. Kf1 f4 25. Bc1 Rd3 26. Kg2 Rd1 27. Nf3 Rxe1
28. Nxe1 Rd1 29. Nc2 Bh6 30. Kf3 Rd3+ 31. Ke4 Rxh3 32. Bd2 Kd7 33. c4 Rh2 34.
Rf1 Ke6 35. b4 Nd8 36. a4 Nf7 37. b5 Rh3 38. f3 Ng5+ 39. Kd3 Nxf3 40. Ke2 e4
41. Bb4 Rh2+ 42. Kd1 Ne5 43. Nd4+ Kd7 44. c5 Rb2 0-1

[Event "SV Kamen 1 - Godesberger SK 1"]
[Site "NRW-Klasse. Gruppe 2 2017/201"]
[Date "2018.01.28"]
[Round "5.2"]
[White "Himmel, Hansjoerg"]
[Black "Grabowski, Pawel"]
[Result "1-0"]
[WhiteElo "2205"]
[BlackElo "2269"]
[PlyCount "157"]
[EventDate "2018.??.??"]
[WhiteTeam "SV Kamen 1"]
[BlackTeam "Godesberger SK 1"]

1. d4 Nf6 2. Nf3 g6 3. Bf4 Bg7 4. e3 b6 5. Be2 Bb7 6. h3 d6 7. c4 c5 8. Nc3 O-O
9. d5 Ne8 10. Qd2 a6 11. e4 Nc7 12. h4 b5 13. h5 b4 14. Na4 e5 15. Bh6 g5 16.
Bxg5 f6 17. h6 fxg5 18. hxg7 Rf7 19. Nxg5 Rxg7 20. Nf3 Ne8 21. O-O-O Bc8 22.
Rdg1 Bd7 23. Bd1 Qa5 24. b3 Nf6 25. Ng5 Bxa4 26. bxa4 Nbd7 27. Rh3 Rb8 28. Bb3
Nf8 29. f3 Qd8 30. g4 N6d7 31. Rh5 Qf6 32. Rgh1 a5 33. Bd1 Nb6 34. Bb3 Rbb7 35.
Qe3 Nc8 36. Nh3 Ne7 37. g5 Qf7 38. Nf2 Neg6 39. Ng4 Qf4 40. Kd2 Kh8 41. Rh6 Nd7
42. Nf2 Rb8 43. Nh3 Qf7 44. Ng1 Rf8 45. R1h2 Nb6 46. Rf2 Qd7 47. Ne2 Rgf7 48.
Ng3 Nxa4 49. Nh5 Nb6 50. Nf6 Qe7 51. Rxg6 a4 52. Rh6 axb3 53. axb3 Nd7 54. Nxd7
Ra8 55. g6 Rg7 56. Nb6 Ra2+ 57. Kc1 Rxf2 58. Qxf2 Qg5+ 59. Qd2 Qg1+ 60. Kb2 Kg8
61. Qh2 Qd4+ 62. Ka2 Ra7+ 63. Na4 Rxa4+ 64. bxa4 Qxc4+ 65. Kb1 Qb3+ 66. Kc1
Qe3+ 67. Qd2 Qa3+ 68. Kd1 Qxf3+ 69. Ke1 Qg3+ 70. Kf1 Qf3+ 71. Kg1 Qg3+ 72. Kh1
c4 73. gxh7+ Kh8 74. Rh2 c3 75. Qh6 Qe1+ 76. Kg2 Qxe4+ 77. Kh3 Qf5+ 78. Kh4 c2
79. Rg2 1-0

[Event "SV Kamen 1 - Godesberger SK 1"]
[Site "NRW-Klasse. Gruppe 2 2017/201"]
[Date "2018.01.28"]
[Round "5.3"]
[White "Brandt, Sebastian"]
[Black "Luetke, Jens"]
[Result "1-0"]
[WhiteElo "2183"]
[BlackElo "2173"]
[PlyCount "71"]
[EventDate "2018.??.??"]
[WhiteTeam "Godesberger SK 1"]
[BlackTeam "SV Kamen 1"]

1. e4 g6 2. d4 Bg7 3. Nc3 d6 4. h3 a6 5. a4 b6 6. f4 e5 7. dxe5 Qh4+ 8. Ke2
dxe5 9. Nf3 Qh5 10. Nd5 Ra7 11. fxe5 Bxe5 12. Kf2 Nc6 13. Bxa6 Nf6 14. Nxf6+
Bxf6 15. Bxc8 O-O 16. Bg4 Qc5+ 17. Be3 Qb4 18. Ne1 Qxb2 19. Nd3 Qxa1 20. Qxa1
Bxa1 21. Rxa1 Rfa8 22. Bd7 Nb8 23. Bb5 c6 24. Bc4 Rxa4 25. Rxa4 Rxa4 26. Ne5 b5
27. Bxf7+ Kg7 28. Kf3 Kf6 29. Bb3 Ra1 30. Ng4+ Ke7 31. Bc5+ Kd8 32. Ne5 Kc7 33.
Bd4 Rd1 34. Nd3 Nd7 35. Ke2 Rh1 36. e5 1-0

[Event "SV Kamen 1 - Godesberger SK 1"]
[Site "NRW-Klasse. Gruppe 2 2017/201"]
[Date "2018.01.28"]
[Round "5.4"]
[White "Kilian, Ralf"]
[Black "Koehler, Christian Friedrich"]
[Result "0-1"]
[WhiteElo "2126"]
[BlackElo "2182"]
[PlyCount "68"]
[EventDate "2018.??.??"]
[WhiteTeam "SV Kamen 1"]
[BlackTeam "Godesberger SK 1"]

1. e4 e5 2. Nf3 Nc6 3. Bb5 a6 4. Ba4 Nf6 5. d3 b5 6. Bb3 Bc5 7. O-O d6 8. c3 h6
9. a4 Rb8 10. d4 Bb6 11. dxe5 Nxe5 12. Nxe5 dxe5 13. Qxd8+ Kxd8 14. Nd2 Ke7 15.
h3 Rd8 16. Re1 Nd7 17. Bc2 Nc5 18. Nf3 f6 19. a5 Ba7 20. b4 Nd3 21. Re2 Nxc1
22. Rxc1 c5 23. Rd2 Be6 24. Rcd1 Rxd2 25. Rxd2 cxb4 26. cxb4 Rc8 27. Nh4 Bd4
28. Nf5+ Bxf5 29. exf5 Rc4 30. Bb3 Rxb4 31. Be6 Ra4 32. Ra2 Rxa2 33. Bxa2 Kd6
34. Be6 Kc7 0-1